<?xml version="1.0" encoding="UTF-8"?>
<collection xmlns="http://www.loc.gov/MARC21/slim">
<record>
  <controlfield tag="001">128660</controlfield>
  <controlfield tag="005">20231213131033.0</controlfield>
  <datafield tag="037" ind1=" " ind2=" ">
    <subfield code="a">TAZ-TFM-2022-1356</subfield>
  </datafield>
  <datafield tag="041" ind1=" " ind2=" ">
    <subfield code="a">spa</subfield>
  </datafield>
  <datafield tag="100" ind1="1" ind2=" ">
    <subfield code="a">Lozano Puñet, Rodrigo</subfield>
  </datafield>
  <datafield tag="242" ind1="0" ind2="0">
    <subfield code="a">Electrophysiological data acquisition system based on Intan RHD2000 and FPGA.</subfield>
  </datafield>
  <datafield tag="245" ind1="0" ind2="0">
    <subfield code="a">Sistema de adquisición de datos electrofisiológicos basado en Intan RHD2000 y FPGA.</subfield>
  </datafield>
  <datafield tag="260" ind1=" " ind2=" ">
    <subfield code="a">Zaragoza</subfield>
    <subfield code="b">Universidad de Zaragoza</subfield>
    <subfield code="c">2022</subfield>
  </datafield>
  <datafield tag="506" ind1=" " ind2=" ">
    <subfield code="a">by-nc-sa</subfield>
    <subfield code="b">Creative Commons</subfield>
    <subfield code="c">3.0</subfield>
    <subfield code="u">http://creativecommons.org/licenses/by-nc-sa/3.0/</subfield>
  </datafield>
  <datafield tag="520" ind1=" " ind2=" ">
    <subfield code="a">Este TFM se encuadra dentro de un proyecto mayor, cuyo objetivo es mantener vivo biopsias de tejido cardíaco. Para esta finalidad, es indispensable la monitorización y actuación sobre las señales e impulsos eléctricos que tienen lugar sobre el tejido. Específicamente, este proyecto consiste en el diseño de una plataforma dedicada a la adquisición de las susodichas señales eléctricas. Este sistema de adquisición esta basado en una FPGA de Xilinx y un dispositivo Intan. El Intan es un dispositivo especializado en adquisición de señales electrofisiológicas. Este dispositivo es el encargado de la lectura de los electrodos y el encapsulado a una comunicación SPI. Para la realización de este sistema se genera el paquete de trabajo del que surge este proyecto. Diseño \textit{hardware} y el \textit{firmware} del sistema del adquisición de datos, con su posterior optimización y comprobación del correcto funcionamiento.&lt;br /></subfield>
  </datafield>
  <datafield tag="521" ind1=" " ind2=" ">
    <subfield code="a">Máster Universitario en Ingeniería Electrónica</subfield>
  </datafield>
  <datafield tag="540" ind1=" " ind2=" ">
    <subfield code="a">Derechos regulados por licencia Creative Commons</subfield>
  </datafield>
  <datafield tag="700" ind1=" " ind2=" ">
    <subfield code="a">Urriza Parroqué, Isidro</subfield>
    <subfield code="e">dir.</subfield>
  </datafield>
  <datafield tag="710" ind1="2" ind2=" ">
    <subfield code="a">Universidad de Zaragoza</subfield>
    <subfield code="b">Ingeniería Electrónica y Comunicaciones</subfield>
    <subfield code="c">Tecnología Electrónica</subfield>
  </datafield>
  <datafield tag="856" ind1="0" ind2=" ">
    <subfield code="f">718694@unizar.es</subfield>
  </datafield>
  <datafield tag="856" ind1="4" ind2=" ">
    <subfield code="s">3278569</subfield>
    <subfield code="u">http://zaguan.unizar.es/record/128660/files/TAZ-TFM-2022-1356.pdf</subfield>
    <subfield code="y">Memoria (spa)</subfield>
  </datafield>
  <datafield tag="909" ind1="C" ind2="O">
    <subfield code="o">oai:zaguan.unizar.es:128660</subfield>
    <subfield code="p">driver</subfield>
    <subfield code="p">trabajos-fin-master</subfield>
  </datafield>
  <datafield tag="950" ind1=" " ind2=" ">
    <subfield code="a"></subfield>
  </datafield>
  <datafield tag="980" ind1=" " ind2=" ">
    <subfield code="a">TAZ</subfield>
    <subfield code="b">TFM</subfield>
    <subfield code="c">EINA</subfield>
  </datafield>
  <datafield tag="999" ind1=" " ind2=" ">
    <subfield code="a">20221125192325.CREATION_DATE</subfield>
  </datafield>
  <datafield tag="951" ind1=" " ind2=" ">
    <subfield code="a">deposita:2023-12-13</subfield>
  </datafield>
</record>
</collection>